University Home | Library Home | Institutional Repository

Female gental Mutilation/Cutting: (Record no. 117059)

MARC details
000 -LEADER
fixed length control field 00417cam a2200145 4500
008 - FIXED-LENGTH DATA ELEMENTS--GENERAL INFORMATION
fixed length control field 111025n 000 0 eng u
035 ## - SYSTEM CONTROL NUMBER
System control number (Sirsi) a174808
050 ## - LIBRARY OF CONGRESS CALL NUMBER
Classification number UNICEF GN 484 FEM 2005
110 1# - MAIN ENTRY--CORPORATE NAME
Corporate name or jurisdiction name as entry element UNICEF
245 ## - TITLE STATEMENT
Title Female gental Mutilation/Cutting:
Remainder of title Statistics exploration 2005
260 ## - PUBLICATION, DISTRIBUTION, ETC.
Place of publication, distribution, etc. Newyork:
Name of publisher, distributor, etc. UNICEF,
Date of publication, distribution, etc. 2005
300 ## - PHYSICAL DESCRIPTION
Extent 53p.:
Other physical details ill.
650 ## - SUBJECT ADDED ENTRY--TOPICAL TERM
Topical term or geographic name entry element Gental Mutilation
650 ## - SUBJECT ADDED ENTRY--TOPICAL TERM
Topical term or geographic name entry element Genital Cutting
Holdings
Withdrawn status Lost status Source of classification or shelving scheme Damaged status Not for loan Home library Current library Shelving location Cost, normal purchase price Total Checkouts Full call number Barcode Date last seen Copy number Price effective from Koha item type
    Library of Congress Classification     Main Library Main Library Special collections 0.00   UNICEF GN 484 FEM 2005 33729005467126 08/21/2019 1 08/21/2019 Book
© 2026 - The University of Zambia Library - Koha v25.11